| 000 | 01134pam a2200301 a 4500 | ||
|---|---|---|---|
| 999 |
_c10474 _d10474 |
||
| 001 | 709638 | ||
| 003 | OSt | ||
| 005 | 20210224151627.0 | ||
| 008 | 970725s1997 miu b 001 0 eng | ||
| 010 | _a 97030808 | ||
| 020 | _a082542352X | ||
| 035 | _a(DLC) 97030808 | ||
| 040 |
_aDLC _cDLC _dDLC |
||
| 050 | 0 | 0 |
_aBT891 _bC187C |
| 082 | 0 | 0 |
_a236/.9 _221 _bC187C |
| 130 | 0 | _aCase for premillennialism. | |
| 245 | 0 | 4 |
_aThe coming millennial kingdom : _ba case for premillennial interpretation / _cDonald K. Campbell & Jeffrey L. Townsend [general editors]. |
| 260 |
_aGrand Rapids, MI : _bKregel Publications, _cc1997. |
||
| 300 |
_a290 p. ; _c22 cm. |
||
| 500 | _aOriginally published under title: A case for premillennialism. Chicago : Moody Press, c1992. | ||
| 504 | _aIncludes bibliographical references and index. | ||
| 650 | 0 | _aMillennialism. | |
| 700 | 1 | _aCampbell, Donald K. | |
| 700 | 1 | _aTownsend, Jeffrey L. | |
| 906 |
_a7 _bcbc _corignew _d1 _eocip _f19 _gy-gencatlg |
||
| 942 |
_2ddc _cBK |
||